<?xml version="1.0" encoding="UTF-8"?>
<record
    xmlns:xsi="http://www.w3.org/2001/XMLSchema-instance"
    xsi:schemaLocation="http://www.loc.gov/MARC21/slim http://www.loc.gov/standards/marcxml/schema/MARC21slim.xsd"
    xmlns="http://www.loc.gov/MARC21/slim">

  <leader>00822    a2200181   4500</leader>
  <controlfield tag="001">142482</controlfield>
  <datafield tag="040" ind1=" " ind2=" ">
    <subfield code="c">Leonardo Da Vinci</subfield>
  </datafield>
  <datafield tag="041" ind1=" " ind2=" ">
    <subfield code="a">Portugu&#xEA;s</subfield>
  </datafield>
  <datafield tag="082" ind1=" " ind2=" ">
    <subfield code="a">v220</subfield>
  </datafield>
  <datafield tag="100" ind1=" " ind2=" ">
    <subfield code="a">EDUCACIONAL SHOP VIDEO</subfield>
  </datafield>
  <datafield tag="245" ind1=" " ind2=" ">
    <subfield code="a">Fotoss&#xED;ntese</subfield>
  </datafield>
  <datafield tag="250" ind1=" " ind2=" ">
    <subfield code="a">v.1-2</subfield>
  </datafield>
  <datafield tag="260" ind1=" " ind2=" ">
    <subfield code="b">ESV</subfield>
    <subfield code="a">S&#xE3;o Paulo</subfield>
  </datafield>
  <datafield tag="490" ind1=" " ind2=" ">
    <subfield code="a">TV Ontario</subfield>
  </datafield>
  <datafield tag="520" ind1=" " ind2=" ">
    <subfield code="a">O v&#xED;deo mostra o processo din&#xE2;mico da fotoss&#xED;ntese no n&#xED;vel
molecular</subfield>
    <subfield code="a">Come&#xE7;ando com as descobertas hist&#xF3;ricas de Joseph Priestley, Jan
Legennhousz e Jean Senebier. Trata da absor&#xE7;&#xE3;o da luz pelas plantas, e
segue caminhos de energia at&#xE9; a produ&#xE7;&#xE3;o de carboidratos e outros
materiais org&#xE2;nicos</subfield>
  </datafield>
  <datafield tag="697" ind1=" " ind2=" ">
    <subfield code="a">Biologia</subfield>
    <subfield code="a">Fotoss&#xED;ntese</subfield>
    <subfield code="a">Plantas</subfield>
    <subfield code="a">Energia</subfield>
    <subfield code="a">Materiais org&#xE2;nicos</subfield>
    <subfield code="a">Carbono</subfield>
    <subfield code="a">Luz</subfield>
    <subfield code="a">Fase clara</subfield>
    <subfield code="a">Fase escura</subfield>
    <subfield code="a">Plantas C-3 e C-4</subfield>
    <subfield code="a">O sistema de transporte de flu&#xED;do</subfield>
  </datafield>
  <datafield tag="942" ind1=" " ind2=" ">
    <subfield code="c">VM</subfield>
  </datafield>
  <datafield tag="952" ind1=" " ind2=" ">
    <subfield code="0">0</subfield>
    <subfield code="1">0</subfield>
    <subfield code="4">0</subfield>
    <subfield code="7">0</subfield>
    <subfield code="a">72.1</subfield>
    <subfield code="b">72.1</subfield>
    <subfield code="d">2024-03-27</subfield>
    <subfield code="l">0</subfield>
    <subfield code="o">v220</subfield>
    <subfield code="p">A0229LVA</subfield>
    <subfield code="r">2024-03-27 22:46:59</subfield>
    <subfield code="w">2024-03-27</subfield>
    <subfield code="y">VM</subfield>
  </datafield>
  <datafield tag="999" ind1=" " ind2=" ">
    <subfield code="c">142482</subfield>
    <subfield code="d">142482</subfield>
  </datafield>
</record>
